000 00436nam a2200145Ia 4500
008 100122s9999 xx 000 0 und d
082 _b49601
_a823
100 _aहरकारे अरुण
245 _aकुलस्वामिनी
260 _bरावजी प्रकाशन
_c1985
300 _a222
630 _aकुलस्वामिनी
730 _aकुलस्वामिनी
942 _cBOOK
999 _c427454
_d427451